| Registos Bibliográficos associados ao registo de autoridade |
|
Etiqueta de registo: 00230nam 2200025 450 001 1831447 003 http://id.bnportugal.gov.pt/bib/catbnp/1831447 010 ## $a978-989-8135-95-7 021 ## $aPT$b351243/12 100 ## $a20130219d2012 m y0pory01030103ba 101 0# $apor 102 ## $aPT 105 ## $aa z 000gy 106 ## $ar 200 1# $aCânticos da alma$fEduardo de Jesus Alves$grev. Henrique Faria, Marina dos Santos 205 ## $a1ª ed 210 #9 $aLinda-a-Velha$cDG Edições,$d2012 215 ## $a293 p.$cil.$d22 cm 675 ## $a821.134.3-1"20"$vBN$zpor$31023893 700 #1 $aAlves,$bEduardo de Jesus,$f1947-$31458619 702 #1 $aFaria,$bHenrique$4675$31522811 702 #1 $aSantos,$bMarina dos$4675$31522814 801 #0 $aPT$bBN$gRPC 900 ## $aBIBNAC$d20130319 966 ## $lBN$mFGMON$sL. 117756 V. 966 ## $lBN$mFGMON$sL. 117756 V.-D
|
|
|